Dublin quiz Stats

Quiz not verified by Sporcle

Also try: Country Sets
Challenge
Share
Tweet
Embed
Score 0/20 Timer 20:00
0 Plays Today
Hint Answer % Correct
CountryIreland
100%
Province Leinster
85%
Main river liffey
65%
Largest parkPhoenix park
55%
1916 rising HeadquartersGeneral Post Office
55%
Oldest institution of higher learning Trinity College Dublin
55%
Settled byVikings
40%
Alternative name of monument of light (erected for nem millenium)Spire
40%
Biggest shopping street named after 19th century peaceful leaderO Connell Street
40%
Shopping street named after 19th century British Prime MinisterGrafton Street
35%
Hint Answer % Correct
DemonymDubliner
30%
Dublin West TD/TaoiseachLeo Varadkar
30%
Dublin West TD/Labour Party leaderJoan Burton
20%
Dark blue monopoly property (either)Ailsbury Road & Shrewsbury Road
15%
Residence of mayorMansion house
10%
Brown monopoly property (either)Crumlin & Kimmage
10%
Dublin bay south TD/Leader of Green Party Eamon Ryan
5%
Dun Laoighaire TD/Leader of Solidarity PBP Richard Boyd Barrett
5%
Mayor Brendan Carr
0%
Number of parliamentary constituinciesFive
0%

You're not logged in!

Compare scores with friends on all Sporcle quizzes.
Sign Up with Email
OR
Log In

You Might Also Like...

Show Comments

Extras

Top Quizzes Today


Score Distribution

Your Account Isn't Verified!

In order to create a playlist on Sporcle, you need to verify the email address you used during registration. Go to your Sporcle Settings to finish the process.